Hacia una psicología humanística de la educación / (Record no. 140063)

MARC details
000 -LEADER
campo de control de longitud fija 00737nam a2200217 4500
001 - NÚMERO DE CONTROL
campo de control 140063
003 - IDENTIFICADOR DE NÚMERO DE CONTROL
campo de control ES-MaACL
005 - FECHA Y HORA DE LA ÚLTIMA TRANSACCIÓN
campo de control 20250822092938.0
007 - CAMPO FIJO DE DESCRIPCIÓN FÍSICA--INFORMACIÓN GENERAL
campo de control de longitud fija t|
008 - DATOS DE LONGITUD FIJA--INFORMACIÓN GENERAL
campo de control de longitud fija 070214s1978 sp r ||||1| spa d
100 1# - ENTRADA PRINCIPAL--NOMBRE DE PERSONA
Nombre de persona Schmuck, Richard A.
9 (RLIN) 104535
245 10 - MENCIÓN DEL TÍTULO
Título Hacia una psicología humanística de la educación /
Mención de responsabilidad, etc. Richard A. Schmuck y Patricia A. Schmuck ; [traducción de Josefina Díez Méndez].
260 ## - PUBLICACIÓN, DISTRIBUCIÓN, ETC.
Lugar de publicación, distribución, etc. Madrid :
Nombre del editor, distribuidor, etc. Anaya,
Fecha de publicación, distribución, etc. 1978.
300 ## - DESCRIPCIÓN FÍSICA
Extensión 334 p. ;
Dimensiones 24 cm.
490 1# - MENCIÓN DE SERIE
Mención de serie Ciencias de la Educación
700 1# - ENTRADA AGREGADA--NOMBRE PERSONAL
Nombre de persona Díez Méndez, Josefina.
9 (RLIN) 44751
700 1# - ENTRADA AGREGADA--NOMBRE PERSONAL
Nombre de persona Schmuck, Patricia A.
9 (RLIN) 104534
830 00 - PUNTO DE ACCESO ADICIONAL DE SERIE-TÍTULO UNIFORME
Título uniforme Ciencias de la educación (Anaya)
9 (RLIN) 231470
852 ## - LOCALIZACIÓN
Ubicación ES-MaACL
Número de control de estantería A-9785
Sublocalización o colección R.98846
Holdings
Estatus retirado Estado de pérdida Estado de daño No para préstamo Biblioteca de origen Biblioteca actual Ubicación en estantería Fecha de adquisición Fuente de adquisición Total de préstamos Signatura topográfica completa Código de barras Visto por última vez Precio de reemplazo Tipo de ítem Koha
        Biblioteca del Ateneo de Madrid Biblioteca del Ateneo de Madrid Depósito 1 17/01/2008     A-9785 1145754 23/02/2023 23/02/2023 Libro impreso